000
00352nam a2200133Ia 4500
008
100328s9999 xx 000 0 und d
082
_b
58450
100
_a
खेडेकर सुशिला.
245
_a
शापिता.
260
_b
औदुंबर.
630
_a
शापिता.
730
_a
शापिता.
942
_c
BOOK
999
_c
544785
_d
544782